American Cities by Stadium - Statistics

General Stats
  • This quiz has been taken 36,600 times
    24,690 since last reset
  • The average score is 14 of 22
Answer Stats
Stadium City % Correct
Fenway Park Boston
96%
Wrigley Field Chicago
96%
Mile High Stadium Denver
85%
The Astrodome Houston
85%
The Superdome New Orleans
84%
Arthur Ashe Stadium New York City
82%
Candlestick Park San Francisco
81%
Orange Bowl Miami
79%
Lambeau Field Green Bay
77%
Cotton Bowl Dallas
75%
Arrowhead Stadium Kansas City
72%
Camden Yards Baltimore
70%
The Kingdome Seattle
65%
Three Rivers Stadium Pittsburgh
63%
Joe Louis Arena Detroit
62%
Rose Bowl Pasadena
61%
The Metrodome Minneapolis
60%
Rose Garden Portland
39%
Bryant–Denny Stadium Tuscaloosa
28%
Rupp Arena Lexington
27%
Dean Smith Center Chapel Hill
26%
Camp Randall Madison
26%
No matching quizzes found
Score Distribution
Percent of People with Each Score
Percentile by Number Answered
Your Score History
You have not taken this quiz since the last reset